000 00565nam a2200229Ia 4500
003 OSt
005 20221005122427.0
006 a|||||r|||| 00| 0
007 ta
008 221004b |||||||| |||| 00| 0 guj d
024 _a40684
037 _cTextual
040 _aCRL
_cCRL
_bguj
041 _2guj
_aguj
082 _aO156,3NME4,2, K4.2
100 _aMehata
245 0 _aJivanani Saragam
300 _a582p.
_ccm.
650 _aGUJRATI LITERATURE
942 _hO156,3NME4,2, K4.2
_cTEXL
_2cc
999 _c1044260
_d1044260